Statistiques concernant Les plus grands pays de l'Empire romain

Cliquez ici pour prendre le quiz!

Statistiques générales

  • Ce quiz a été pris 8 548 fois
  • Le résultat moyen est 12 sur 15

Statistiques - réponses

%km2Pays% Correct
82525 000France
99%
100301 000Italie
99%
99500 000Espagne
96%
100132 000Grèce
92%
60600 000Égypte
91%
98770 000Turquie
91%
8200 000Algérie
90%
33150 000Maroc
89%
70115 000Tunisie
85%
8150 000Libye
80%
62150 000Royaume-Uni
75%
80150 000Syrie
64%
75175 000Roumanie
62%
100111 000Bulgarie
57%
50220 000Irak
51%

Distribution des résultats

Percentile par nombre de réponses

% des personnes avec chaque résultat

Votre développement - résultats

Vous n’avez pas pris ce quiz